[Event "N1 Reykjavik Open 2014"]
[Site "Reykjavik ISL"]
[Date "2014.03.06"]
[Round "4.62"]
[White "Teitsson, Magnus"]
[Black "Sigurdarson, Emil"]
[Result "1-0"]
[WhiteElo "2207"]
[BlackElo "1867"]
[WhiteFideId "2302152"]
[BlackFideId "2304163"]
[EventDate "2014.03.04"]

1. e4 c6 2. d4 d5 3. e5 Bf5 4. Nf3 e6 5. Be2 h5 6. O-O c5 7. c4 Nc6 8. cxd5 Qxd5
9. Nc3 Qd8 10. Be3 cxd4 11. Nxd4 Nxd4 12. Bxd4 Nh6 13. Bb5+ 1-0

[Event "N1 Reykjavik Open 2014"]
[Site "Reykjavik ISL"]
[Date "2014.03.06"]
[Round "4.63"]
[White "Michalowski, Peter"]
[Black "Sahl, Sheila Barth"]
[Result "1-0"]
[BlackTitle "WIM"]
[WhiteElo "1985"]
[BlackElo "2196"]
[WhiteFideId "24609978"]
[BlackFideId "1500953"]
[EventDate "2014.03.04"]

1. e4 c5 2. Nf3 d6 3. d4 cxd4 4. Nxd4 Nf6 5. Nc3 a6 6. Be3 e5 7. Nb3 Be6 8. f3
h5 9. Qd2 Nbd7 10. O-O-O Rc8 11. g3 b5 12. Nd5 Nxd5 13. exd5 Bf5 14. Bd3 Bxd3
15. Qxd3 Be7 16. Kb1 Qc7 17. Rhe1 O-O 18. f4 b4 19. f5 a5 20. Nd2 Nf6 21. b3 a4
22. Nc4 axb3 23. cxb3 Qb7 24. Bg5 Nxd5 25. Qxd5 Qxd5 26. Rxd5 Bxg5 27. Rxd6 f6
28. Red1 e4 29. Re6 Rc5 30. Rf1 Rd8 31. Rxe4 Rdd5 32. Re8+ Kh7 33. Rb8 Rxf5 34.
Rxf5 Rxf5 35. Rxb4 Rf1+ 36. Kc2 Rf2+ 37. Kb1 Rxh2 38. a4 Rh1+ 39. Kc2 Rh2+ 40.
Kb1 Rh1+ 41. Kc2 Rh2+ 42. Kd3 Rh3 43. Ke2 h4 44. gxh4 Bxh4 45. a5 f5 46. a6 Rh2+
47. Kd3 Bf2 48. Nb6 Bxb6 49. Rxb6 Ra2 50. Ke3 g5 51. Rb7+ Kg6 52. a7 f4+ 53. Ke4
Re2+ 54. Kf3 Ra2 55. b4 Kf5 56. Rb5+ Kg6 57. Ra5 1-0

[Event "N1 Reykjavik Open 2014"]
[Site "Reykjavik ISL"]
[Date "2014.03.06"]
[Round "4.64"]
[White "Kazmaier, Daniel"]
[Black "Rache, Ralf"]
[Result "1-0"]
[WhiteElo "2187"]
[BlackElo "1862"]
[WhiteFideId "2606089"]
[BlackFideId "1270447"]
[EventDate "2014.03.04"]

1. d4 Nf6 2. Bg5 Ne4 3. Bf4 c5 4. d5 Qa5+ 5. c3 d6 6. f3 Nf6 7. Nd2 g6 8. e4 Bg7
9. Nc4 Qd8 10. a4 Nbd7 11. Qd2 Nb6 12. Bh6 O-O 13. g4 Bd7 14. a5 Nxc4 15. Bxc4
b5 16. Bd3 e6 17. dxe6 fxe6 18. h4 Bc6 19. Ne2 Nd7 20. Bxg7 Kxg7 21. f4 Nf6 22.
Ng3 Nxg4 23. Be2 h5 24. Bxg4 hxg4 25. h5 g5 26. fxg5 Rf3 27. Rg1 Qf8 28. O-O-O
Qf4 29. Qxf4 Rxf4 30. Rxd6 Bxe4 31. Rxe6 Bd3 32. Rd6 c4 33. g6 Rf6 34. Rd7+ Kg8
35. Re1 Rf3 36. Ne4 Raf8 37. h6 Bxe4 38. h7+ Kh8 39. g7+ 1-0

[Event "N1 Reykjavik Open 2014"]
[Site "Reykjavik ISL"]
[Date "2014.03.06"]
[Round "4.65"]
[White "Forsa, Elise"]
[Black "Hellwig, Tobias"]
[Result "0-1"]
[WhiteElo "1830"]
[BlackElo "2180"]
[WhiteFideId "1500163"]
[BlackFideId "4695429"]
[EventDate "2014.03.04"]

1. e4 Nf6 2. e5 Nd5 3. c4 Nb6 4. d4 d6 5. exd6 exd6 6. Nc3 Nc6 7. h3 Bf5 8. Nf3
Nb4 9. Qe2+ Be7 10. Ne4 d5 11. cxd5 Qxd5 12. Nfg5 O-O-O 13. a3 Bxg5 14. Bxg5
Bxe4 15. axb4 Qxg5 16. Ra5 Qc1+ 17. Qd1 Qxb2 18. Qg4+ f5 0-1

[Event "N1 Reykjavik Open 2014"]
[Site "Reykjavik ISL"]
[Date "2014.03.06"]
[Round "4.66"]
[White "Van Weersel, Arlette"]
[Black "Stefansson, Vignir Vatnar"]
[Result "0-1"]
[WhiteTitle "WIM"]
[WhiteElo "2176"]
[BlackElo "1844"]
[WhiteFideId "1009877"]
[BlackFideId "2308649"]
[EventDate "2014.03.04"]

1. e4 c5 2. Nf3 e6 3. c4 Nc6 4. Nc3 Nge7 5. d4 cxd4 6. Nxd4 Nxd4 7. Qxd4 Nc6 8.
Qd1 Bb4 9. Bd2 Qf6 10. Be2 O-O 11. O-O a5 12. Rc1 d6 13. Be3 Bc5 14. Bxc5 dxc5
15. Qd6 Qd4 16. Rfd1 Qxd6 17. Rxd6 Nd4 18. Bf1 a4 19. e5 Nf5 20. Rb6 Bd7 21.
Rxb7 Bc6 22. Rc7 Rfc8 23. Rxc8+ Rxc8 24. Rd1 Kf8 25. Bd3 Nd4 26. Kf1 Rb8 27. Rd2
Ke7 28. f3 f5 29. exf6+ gxf6 30. Ne2 e5 31. h3 h5 32. Ng3 Rh8 33. Kf2 h4 34.
Nf5+ Ke6 35. Ne3 f5 36. Be2 Rg8 37. Nd1 Rg7 38. Nc3 Rb7 39. Bd3 Rg7 40. Bc2 Ra7
41. Bd1 Ra8 42. Bc2 Ra7 43. Ke3 a3 44. b3 Rg7 45. Rf2 Rg8 46. Nb1 Ra8 47. Kd2
Rd8 48. Kc3 Ra8 49. Bd1 Ra7 50. Rd2 Kf6 51. Rf2 Kg5 52. f4+ Kf6 53. fxe5+ Kxe5
54. Be2 Be4 55. Nd2 Rg7 56. Nxe4 Nxe2+ 57. Rxe2 fxe4 58. Kd2 Kd4 59. Kc2 e3 60.
b4 cxb4 61. c5 Rg5 62. Kb3 Rxc5 63. Kxb4 Rc1 64. g3 hxg3 65. Rg2 Rh1 66. Kxa3
Rxh3 0-1

[Event "N1 Reykjavik Open 2014"]
[Site "Reykjavik ISL"]
[Date "2014.03.06"]
[Round "4.67"]
[White "Bongartz, Philipp"]
[Black "Leosson, Atli Johann"]
[Result "1-0"]
[WhiteElo "2143"]
[BlackElo "1759"]
[WhiteFideId "24610623"]
[BlackFideId "2308533"]
[EventDate "2014.03.04"]

1. e4 e5 2. f4 exf4 3. Nf3 Be7 4. Be2 d6 5. O-O Nc6 6. d4 g5 7. Nc3 Bg4 8. Nd5
Bxf3 9. Bxf3 Nf6 10. c3 h5 11. Nxf6+ Bxf6 12. Bxh5 Qe7 13. Bg4 Kf8 14. Qd3 Kg7
15. Bd2 Rh4 16. h3 Rah8 17. Rf3 Qd8 18. Raf1 R4h6 19. g3 fxg3 20. Rxg3 Be7 21.
Qb5 f6 22. Qxb7 Qa8 23. Qxc7 Rb8 24. d5 1-0

[Event "N1 Reykjavik Open 2014"]
[Site "Reykjavik ISL"]
[Date "2014.03.06"]
[Round "4.68"]
[White "Berg, Runar"]
[Black "Nordquelle, Daniel"]
[Result "1-0"]
[WhiteElo "2117"]
[BlackElo "1654"]
[WhiteFideId "2302306"]
[BlackFideId "1519042"]
[EventDate "2014.03.04"]

1. d4 e6 2. c4 f5 3. g3 Nf6 4. Nf3 Bb4+ 5. Bd2 Bxd2+ 6. Nbxd2 O-O 7. Bg2 d6 8.
O-O Nc6 9. d5 exd5 10. cxd5 Ne7 11. Qb3 Nexd5 12. Nd4 c6 13. e4 fxe4 14. Nxe4
Kh8 15. Ng5 Qe8 16. Rae1 Qg6 17. f4 Nb6 18. Nde6 Bxe6 19. Rxe6 d5 20. Re7 Rab8
21. Qb4 Rfe8 22. Nf7+ Kg8 23. Ne5 Qc2 24. Qd6 Rxe7 25. Qxe7 h6 26. Qe6+ Kh7 27.
Bh3 Qc5+ 28. Kh1 Qf8 29. Bf5+ g6 30. Nxg6 Qg7 31. Ne5+ Kh8 32. Nf7+ Kg8 33.
Nxh6+ Kh8 34. Nf7+ Kg8 35. Ne5+ Kh8 36. Bg6 1-0

[Event "N1 Reykjavik Open 2014"]
[Site "Reykjavik ISL"]
[Date "2014.03.06"]
[Round "4.69"]
[White "Vanheirzeele, Daniel"]
[Black "Thorhallsson, Simon"]
[Result "1/2-1/2"]
[WhiteElo "2116"]
[BlackElo "1636"]
[WhiteFideId "200425"]
[BlackFideId "2310090"]
[EventDate "2014.03.04"]

1. d4 d5 2. Nf3 Nf6 3. c4 c6 4. Qb3 dxc4 5. Qxc4 b5 6. Qb3 Bb7 7. g3 e6 8. Bg2
Nbd7 9. Ne5 Nxe5 10. dxe5 Nd7 11. a4 Qb8 12. Bf4 a6 13. O-O Be7 14. Qe3 O-O 15.
Nc3 Qd8 16. Ne4 Qb6 17. Nd6 Bxd6 18. exd6 c5 19. a5 Qa7 20. Qd3 Bxg2 21. Kxg2
Qb7+ 22. e4 e5 23. Bg5 f6 24. Bd2 c4 25. Qe2 1/2-1/2

[Event "N1 Reykjavik Open 2014"]
[Site "Reykjavik ISL"]
[Date "2014.03.06"]
[Round "4.70"]
[White "Johannesson, Oliver"]
[Black "Petersson, Baldur Teodor"]
[Result "1-0"]
[WhiteElo "2115"]
[BlackElo "1624"]
[WhiteFideId "2305623"]
[BlackFideId "2309157"]
[EventDate "2014.03.04"]

1. d4 d5 2. c4 c6 3. Nf3 Nf6 4. Nc3 a6 5. g3 Bf5 6. Bg2 b5 7. b3 e6 8. O-O Nbd7
9. Nh4 Bg6 10. Nxg6 hxg6 11. e4 dxc4 12. bxc4 Rc8 13. e5 Nh7 14. Re1 Be7 15. Bb2
O-O 16. d5 cxd5 17. cxd5 exd5 18. Nxd5 Ng5 19. Nxe7+ Qxe7 20. a4 Rfd8 21. axb5
axb5 22. Rc1 Rxc1 23. Qxc1 Nb6 24. Qc6 Nc4 25. Qxb5 Nd2 26. Ra1 Qc7 27. Rc1 Qa7
28. Qe2 Qa2 29. Bc3 Ne6 30. Kh1 Nc5 31. Rd1 Ncb3 32. Be4 Qa4 33. f3 Rd7 34. Bxd2
Nd4 35. Qe1 Qb3 36. Be3 f5 37. exf6 1-0

[Event "N1 Reykjavik Open 2014"]
[Site "Reykjavik ISL"]
[Date "2014.03.06"]
[Round "4.71"]
[White "Hansen, Erle Andrea Marki"]
[Black "Bjarnason, Saevar"]
[Result "0-1"]
[BlackTitle "IM"]
[WhiteElo "1810"]
[BlackElo "2101"]
[WhiteFideId "1508229"]
[BlackFideId "2300176"]
[EventDate "2014.03.04"]

1. d4 Nf6 2. Nf3 g6 3. b3 Bg7 4. Bb2 O-O 5. g3 d6 6. Bg2 c5 7. d5 e5 8. c4 Nbd7
9. O-O Nh5 10. e4 f5 11. Nc3 a6 12. Re1 Rb8 13. a4 h6 14. exf5 gxf5 15. Nh4 Nf4
16. Bf1 Rf7 17. Ne2 Nf8 18. Nxf4 exf4 19. Bxg7 Rxg7 20. Ng2 Ng6 21. Qf3 fxg3 22.
hxg3 Ne5 23. Qh5 Bd7 24. Re3 Qf6 25. Qd1 f4 26. Rc3 fxg3 27. fxg3 Rf8 28. Be2
Bh3 29. Qe1 Qf5 30. Nh4 Qe4 31. Kh2 Bd7 32. Ng2 Bg4 33. Bxg4 Nxg4+ 34. Kh3 Nf2+
35. Kh2 Qd4 36. Nf4 Rxf4 0-1

[Event "N1 Reykjavik Open 2014"]
[Site "Reykjavik ISL"]
[Date "2014.03.06"]
[Round "4.72"]
[White "Hauksson, Hordur Aron"]
[Black "Fehr, Axel"]
[Result "0-1"]
[WhiteElo "1756"]
[BlackElo "2101"]
[WhiteFideId "2303680"]
[BlackFideId "4675185"]
[EventDate "2014.03.04"]

1. d4 Nf6 2. c4 g6 3. Nc3 d5 4. cxd5 Nxd5 5. e3 Nxc3 6. bxc3 Bg7 7. Nf3 O-O 8.
Bd3 c5 9. O-O Qc7 10. Rb1 Nd7 11. c4 e5 12. d5 Nb6 13. e4 Bd7 14. Ne1 Na4 15.
Rb3 b5 16. f4 bxc4 17. Bxc4 Nb6 18. Be2 Ba4 19. Qd2 Bxb3 20. axb3 c4 21. f5 cxb3
22. f6 Bh8 23. Qh6 Nd7 24. Rf3 Nxf6 25. Rh3 Bg7 26. Qe3 a5 27. Nf3 Ng4 0-1

[Event "N1 Reykjavik Open 2014"]
[Site "Reykjavik ISL"]
[Date "2014.03.06"]
[Round "4.73"]
[White "Sigurdsson, Birkir Karl"]
[Black "Wengler, Joerg"]
[Result "0-1"]
[WhiteElo "1738"]
[BlackElo "2080"]
[WhiteFideId "2304180"]
[BlackFideId "4666100"]
[EventDate "2014.03.04"]

1. d4 f5 2. Bg5 d5 3. e3 Qd6 4. Nd2 e6 5. c4 Be7 6. Bxe7 Nxe7 7. Ngf3 O-O 8. c5
Qd8 9. b4 Nd7 10. a4 c6 11. Bd3 h6 12. O-O Nf6 13. Ne5 Bd7 14. f3 Be8 15. Qb3
Ng6 16. f4 Ng4 17. Nxg4 fxg4 18. g3 Ne7 19. e4 Bf7 20. e5 Bg6 21. Qc2 Bxd3 22.
Qxd3 Nf5 23. Rfb1 g5 24. Rf1 Rf7 25. b5 Qa5 26. fxg5 hxg5 27. Rf2 Raf8 28. Nf1
cxb5 29. Ne3 bxa4 30. Nxg4 Qb4 31. Nh6+ Nxh6 32. Qg6+ Rg7 33. Rxf8+ Kxf8 34.
Rf1+ Nf7 35. Qxe6 Qxd4+ 36. Kg2 Qxc5 37. Qf6 Qe7 38. Qf5 Kg8 39. Rc1 Nd8 0-1

[Event "N1 Reykjavik Open 2014"]
[Site "Reykjavik ISL"]
[Date "2014.03.06"]
[Round "4.74"]
[White "Vaarala, Eric"]
[Black "Robson, Paul E"]
[Result "1-0"]
[WhiteElo "2285"]
[BlackElo "1915"]
[WhiteFideId "1711962"]
[BlackFideId "424803"]
[EventDate "2014.03.04"]

1. c4 Nf6 2. Nc3 g6 3. g3 Bg7 4. Bg2 O-O 5. d4 d6 6. Nf3 c5 7. O-O Na6 8. b3 Rb8
9. Bb2 Nc7 10. Qc2 cxd4 11. Nxd4 Bd7 12. Rfd1 Qc8 13. Rac1 a6 14. Qd2 Bh3 15.
Bh1 Ne6 16. Nd5 Re8 17. Nxe6 Bxe6 18. Nxf6+ exf6 19. Ba3 Rd8 20. Bxd6 Bf8 21. c5
Qd7 22. Qc2 Bxd6 23. Rxd6 Qc7 24. Rxd8+ Rxd8 25. b4 Rd4 26. a3 Qd7 27. Bf3 Rd2
28. Qb1 Qa4 29. Bxb7 Rxe2 30. Qd3 Qxa3 31. Qxa3 1-0

[Event "N1 Reykjavik Open 2014"]
[Site "Reykjavik ISL"]
[Date "2014.03.06"]
[Round "4.75"]
[White "Jorgensen, Line Jin"]
[Black "Barthel, Ansgar"]
[Result "0-1"]
[WhiteElo "1923"]
[BlackElo "2229"]
[WhiteFideId "1505467"]
[BlackFideId "4643461"]
[EventDate "2014.03.04"]

1. d4 Nf6 2. c4 g6 3. Nc3 Bg7 4. e4 d6 5. f4 O-O 6. Nf3 Na6 7. Bd3 Bg4 8. O-O
Nd7 9. Be3 e5 10. Be2 exd4 11. Bxd4 Re8 12. Bxg7 Kxg7 13. Qd4+ Qf6 14. e5 dxe5
15. fxe5 Qb6 16. e6+ Qxd4+ 17. Nxd4 Bxe6 18. Ncb5 Ne5 19. Nxe6+ Rxe6 20. Rad1
Re7 21. Nc3 c6 22. Rd2 Rd7 23. Rfd1 Rad8 24. Rxd7 Rxd7 25. Rxd7 Nxd7 26. Ne4
Nac5 27. Nd6 a5 28. Kf2 Kf6 29. Ke3 Ke6 30. Ne4 Nxe4 31. Kxe4 f5+ 32. Kf4 Kf6
33. h4 h6 34. g3 g5+ 35. hxg5+ hxg5+ 36. Ke3 Ke5 37. Bf3 Nc5 38. a3 f4+ 39.
gxf4+ gxf4+ 40. Kd2 Kd4 41. b4 axb4 42. axb4 Nb3+ 43. Kc2 Kxc4 0-1

[Event "N1 Reykjavik Open 2014"]
[Site "Reykjavik ISL"]
[Date "2014.03.06"]
[Round "4.76"]
[White "Finnbogadottir, Tinna Kristin"]
[Black "Christiansen, Johan-Sebastian"]
[Result "0-1"]
[WhiteElo "1921"]
[BlackElo "2209"]
[WhiteFideId "2300214"]
[BlackFideId "1512668"]
[EventDate "2014.03.04"]

1. e4 c5 2. Nf3 d6 3. d4 cxd4 4. Nxd4 Nf6 5. Nc3 a6 6. Be3 e5 7. Nb3 Be6 8. Be2
Nbd7 9. O-O Be7 10. f4 Qc7 11. f5 Bc4 12. Nd2 Bxe2 13. Qxe2 b5 14. a3 Rc8 15. g4
h5 16. g5 Ng4 17. Nd5 Qxc2 18. Rac1 Qxc1 19. Rxc1 Rxc1+ 20. Nf1 Nxe3 21. Qxe3
Rc6 22. Nxe7 Kxe7 23. Qb3 Nb6 24. g6 Nc4 25. gxf7 Kxf7 26. a4 Rc5 27. axb5 axb5
28. Qa2 Rc7 29. b3 Nb6 30. Qa5 Rb8 31. Qxb5 Kg8 32. Qe2 Nd7 33. Qxh5 Rxb3 34.
Qg6 Nf6 35. Qg2 Rb4 36. Qa2+ Kh7 37. Qa5 Rcc4 38. Ng3 Rb2 39. Qe1 Rcc2 40. Nf1
Rg2+ 41. Kh1 Rge2 42. Qd1 Nxe4 43. Kg1 Rg2+ 0-1

[Event "N1 Reykjavik Open 2014"]
[Site "Reykjavik ISL"]
[Date "2014.03.06"]
[Round "4.77"]
[White "Meier, Gerd"]
[Black "Rydstrom, Tom"]
[Result "0-1"]
[WhiteElo "1901"]
[BlackElo "2198"]
[WhiteFideId "4682971"]
[BlackFideId "1714830"]
[EventDate "2014.03.04"]

1. d4 d5 2. c3 Nf6 3. Bg5 Nbd7 4. Nd2 c5 5. e3 h6 6. Bxf6 exf6 7. dxc5 Nxc5 8.
Nb3 Qb6 9. Nxc5 Bxc5 10. Qd2 O-O 11. Bd3 f5 12. Ne2 Re8 13. Nd4 Bxd4 14. cxd4
Qxd4 15. O-O Qe5 16. Rfe1 Be6 17. Qb4 b6 18. Rac1 Red8 19. Ba6 d4 20. exd4 Qxd4
21. Qxd4 Rxd4 22. b3 Rd2 23. Re2 Rad8 24. Kf1 g5 25. Ke1 R2d4 26. Rec2 Rh4 27.
h3 g4 28. hxg4 fxg4 29. Ke2 Bd5 30. g3 Bf3+ 31. Ke3 Re8+ 32. Kd2 Rh2 33. Kc3 Rd8
34. Kb2 Bd1 0-1

[Event "N1 Reykjavik Open 2014"]
[Site "Reykjavik ISL"]
[Date "2014.03.06"]
[Round "4.78"]
[White "Gardarsson, Halldor"]
[Black "Derraugh, Geordie"]
[Result "0-1"]
[WhiteElo "1895"]
[BlackElo "2173"]
[WhiteFideId "2301440"]
[BlackFideId "2603950"]
[EventDate "2014.03.04"]

1. e4 c5 2. Nf3 d6 3. d4 cxd4 4. Nxd4 Nf6 5. Nc3 a6 6. Be3 e5 7. Nb3 Be6 8. Be2
Nbd7 9. O-O b5 10. a3 Be7 11. Re1 Nb6 12. Nd2 O-O 13. f4 exf4 14. Bxf4 d5 15. e5
Nfd7 16. Nf3 Nc4 17. Bxc4 dxc4 18. Kh1 Bg4 19. h3 Bh5 20. Qe2 Nc5 21. Rad1 Qc8
22. Bg3 Qb7 23. Nd5 Rad8 24. Nxe7+ Qxe7 25. Rxd8 Rxd8 26. Qf2 Rd5 27. Qe3 Bg6
28. Bh4 Qd7 29. b4 cxb3 30. cxb3 h6 31. Rc1 Rd1+ 32. Rxd1 Qxd1+ 33. Kh2 Nxb3 34.
Qb6 Qe2 35. Qxa6 Kh7 36. Bg3 Be4 37. Qc8 Nd2 0-1

[Event "N1 Reykjavik Open 2014"]
[Site "Reykjavik ISL"]
[Date "2014.03.06"]
[Round "4.79"]
[White "Ragnarsson, Dagur"]
[Black "Schadd, Jan"]
[Result "1-0"]
[WhiteElo "2105"]
[BlackElo "1893"]
[WhiteFideId "2304058"]
[BlackFideId "1047230"]
[EventDate "2014.03.04"]

1. c4 c6 2. Nf3 d5 3. b3 Nf6 4. g3 g6 5. Bg2 Bg7 6. Bb2 O-O 7. O-O Re8 8. d3
Nbd7 9. Nbd2 e5 10. e4 dxe4 11. dxe4 Qc7 12. Qc2 b6 13. Rad1 Bb7 14. Ne1 Rad8
15. f4 exf4 16. gxf4 Nc5 17. e5 Nh5 18. Ne4 Nxe4 19. Bxe4 Rxd1 20. Qxd1 c5 21.
Bd5 Qd7 22. Qf3 Re7 23. Ng2 Bc8 24. Ne3 Bh6 25. f5 Bxe3+ 26. Qxe3 gxf5 27. Qg5+
Ng7 28. Rf2 Qe8 29. Rg2 Qf8 30. Qf6 1-0

[Event "N1 Reykjavik Open 2014"]
[Site "Reykjavik ISL"]
[Date "2014.03.06"]
[Round "4.80"]
[White "Jonsson, Olafur Gisli"]
[Black "Grove, Michael"]
[Result "0-1"]
[WhiteElo "1890"]
[BlackElo "2097"]
[WhiteFideId "2302705"]
[BlackFideId "2403943"]
[EventDate "2014.03.04"]

1. d4 Nf6 2. Nf3 c5 3. e3 g6 4. Bd3 Bg7 5. O-O O-O 6. c4 d6 7. Nc3 Na6 8. a3 Bd7
9. Qe2 e6 10. b3 Qe7 11. Bb2 Bc6 12. e4 cxd4 13. Nxd4 Nc5 14. Nxc6 bxc6 15. Bc2
e5 16. b4 Ne6 17. Ba4 Nd4 18. Qd3 Nh5 19. Ne2 Nxe2+ 20. Qxe2 Nf4 21. Qf3 Rac8
22. Rad1 Rfd8 23. g3 Ne6 24. Qe3 Qb7 25. Rd3 c5 26. b5 f5 27. f3 Kh8 28. Rfd1
Nd4 29. R1d2 Rf8 30. Bd1 f4 31. Qe1 fxg3 32. hxg3 Qf7 33. Rc3 Qe6 34. Rh2 Bf6
35. Qf1 Qf7 36. Qh3 Rce8 37. Bc1 Bd8 38. Be3 Ne6 39. Qh6 Qg7 40. Rcc2 Qxh6 41.
Rxh6 Bg5 42. Bxg5 Nxg5 43. Rch2 Kg8 44. Kg2 Re7 45. a4 Ref7 46. a5 Nxf3 47. Bxf3
Rxf3 48. Kh3 Ra3 49. a6 Rff3 50. Kg2 Rxg3+ 51. Kf2 Rgc3 52. Ke1 Rxc4 53. Rxh7
Rxe4+ 54. Kd2 Ra2+ 55. Kd3 Rxh2 56. Rh8+ Kxh8 0-1

[Event "N1 Reykjavik Open 2014"]
[Site "Reykjavik ISL"]
[Date "2014.03.06"]
[Round "4.81"]
[White "Runarsson, Gunnar"]
[Black "Maggason, Oskar"]
[Result "1-0"]
[WhiteElo "2048"]
[BlackElo "1882"]
[WhiteFideId "2301768"]
[BlackFideId "2303779"]
[EventDate "2014.03.04"]

1. d4 Nf6 2. Nc3 d5 3. Bg5 e6 4. e4 dxe4 5. f3 Be7 6. Bc4 O-O 7. Qe2 a6 8. O-O-O
b5 9. Bb3 Bb7 10. Bxf6 exf3 11. Nxf3 Bxf6 12. d5 Bxc3 13. dxe6 Bxb2+ 14. Kb1 Qf6
15. e7 Re8 16. Rhf1 Nc6 17. Ng5 Rxe7 18. Rxf6 Rxe2 19. Rxf7 Re3 20. Kxb2 Kh8 21.
Rxc7 Na5 22. Nf7+ Kg8 23. Rdd7 Nxb3 24. axb3 Bxg2 25. Ng5 h6 26. Rxg7+ Kh8 27.
Rh7+ Kg8 28. Rxh6 Rae8 29. Rg6+ 1-0

[Event "N1 Reykjavik Open 2014"]
[Site "Reykjavik ISL"]
[Date "2014.03.06"]
[Round "4.82"]
[White "Knutsson, Larus"]
[Black "Sjol, Henrik"]
[Result "1-0"]
[WhiteElo "2044"]
[BlackElo "1853"]
[WhiteFideId "2806231"]
[BlackFideId "1505629"]
[EventDate "2014.03.04"]

1. e4 c5 2. c3 Qa5 3. Nf3 Nc6 4. Be2 Nf6 5. d3 d5 6. exd5 Nxd5 7. O-O Qc7 8. d4
cxd4 9. Nxd4 Nxd4 10. Qxd4 e6 11. Re1 Qc5 12. Qe5 a6 13. Nd2 Nf6 14. Qg3 Bd7 15.
Nc4 h5 16. Be3 Qf5 17. Bf3 h4 18. Nd6+ Bxd6 19. Qxd6 Qb5 20. Bc5 O-O-O 21. c4
Qa5 22. Bb6 Ne8 23. Qd4 Qg5 24. Re5 Qe7 25. Bxd8 Qxd8 26. Rd1 Nc7 27. Bxb7+ Kxb7
28. Qxd7 1-0

[Event "N1 Reykjavik Open 2014"]
[Site "Reykjavik ISL"]
[Date "2014.03.06"]
[Round "4.83"]
[White "Frick, Renato"]
[Black "Fridgeirsson, Dagur Andri"]
[Result "1/2-1/2"]
[WhiteElo "2038"]
[BlackElo "1803"]
[WhiteFideId "12000027"]
[BlackFideId "2303124"]
[EventDate "2014.03.04"]

1. e4 c5 2. Nf3 Nc6 3. d4 cxd4 4. Nxd4 Qb6 5. Nb3 Nf6 6. Nc3 e6 7. Be3 Qc7 8.
Nb5 Qb8 9. Bd3 a6 10. N5d4 Be7 11. Qe2 d5 12. exd5 Nxd5 13. O-O Nxe3 14. Qxe3
Nb4 15. Rad1 Nxd3 16. Rxd3 O-O 17. Rfd1 e5 18. Nf3 Bf6 19. Nc5 Qc7 20. c3 Bf5
21. Rd5 Rad8 22. Rxd8 Rxd8 23. Rxd8+ Qxd8 24. Nxb7 Qd1+ 25. Ne1 h6 26. Kf1 Qb1
27. Qe2 Qxa2 28. Nd6 Bg6 29. f3 Qa5 30. Qc4 Qb6 31. Qc8+ Kh7 32. Nc4 Qb5 33. b4
e4 34. Qc5 exf3 35. gxf3 Bxc3 36. Qxb5 axb5 37. Nd6 Bxb4 38. Nxb5 Bh5 39. Nd4 g5
40. Nd3 Bd6 41. Kg2 Bg6 42. Nf2 f5 43. Nd3 f4 44. Nf2 h5 45. Ne6 Be7 46. h4 Bf5
47. Nd4 Bc8 48. Nc6 Bf6 49. Ne4 Bb7 50. Nxf6+ Kg6 51. Nd5 g4 52. Kf2 Kf5 53.
Ndb4 Kf6 54. Ke2 Kg7 55. Kd3 gxf3 56. Kd2 Kf6 57. Ke1 Kf5 58. Kf2 Kg4 59. Ne5+
Kxh4 1/2-1/2

[Event "N1 Reykjavik Open 2014"]
[Site "Reykjavik ISL"]
[Date "2014.03.06"]
[Round "4.84"]
[White "Baldursson, Haraldur"]
[Black "Opasiak, Dustin Tennessee"]
[Result "1-0"]
[WhiteElo "2027"]
[BlackElo "1812"]
[WhiteFideId "2301423"]
[BlackFideId "24630217"]
[EventDate "2014.03.04"]

1. d4 d5 2. c4 Nc6 3. Nc3 Nf6 4. e3 e6 5. Nf3 Bb4 6. Bd3 O-O 7. a3 Bxc3+ 8. bxc3
Ne7 9. Qc2 c5 10. Ne5 dxc4 11. Bxc4 Qa5 12. O-O Bd7 13. Bd3 Ba4 14. Qe2 b5 15.
Bd2 c4 16. Bb1 Qc7 17. e4 Ng6 18. Nxg6 hxg6 19. f4 Rfe8 20. Rf3 Qe7 21. Rh3 Rad8
22. e5 Nd7 23. Be1 g5 24. Qh5 f5 25. fxg5 Nxe5 26. dxe5 Qc5+ 27. Bf2 Qxe5 28.
Ba2 Bc2 29. Re1 Qf4 30. Qh7+ Kf7 31. g6+ Kf6 32. Bh4+ 1-0

[Event "N1 Reykjavik Open 2014"]
[Site "Reykjavik ISL"]
[Date "2014.03.06"]
[Round "4.85"]
[White "Traustason, Ingi Tandri"]
[Black "Carlsen, Henrik"]
[Result "1-0"]
[WhiteElo "1854"]
[BlackElo "2027"]
[WhiteFideId "2302934"]
[BlackFideId "1502832"]
[EventDate "2014.03.04"]

1. d4 Nf6 2. c4 e6 3. Nc3 b6 4. e4 Bb7 5. Bd3 Bb4 6. Qe2 c5 7. d5 d6 8. Bd2 O-O
9. O-O-O a6 10. a3 Ba5 11. g4 b5 12. cxb5 exd5 13. Nxd5 Nxd5 14. exd5 axb5 15.
Bxb5 Ba6 16. Bxa6 Nxa6 17. Bxa5 Qxa5 18. Qc4 Nc7 19. h4 Nb5 20. Rh3 Rfe8 21.
Rhd3 Rab8 22. Nf3 Nc7 23. Re3 Na8 24. Qc3 Qa4 25. h5 Qf4 26. g5 Rxe3 27. Qxe3
Qc4+ 28. Kb1 Qb3 29. Rd2 Nc7 30. Qxb3 Rxb3 31. Ng1 Kf8 32. Kc2 Rb5 33. Ne2 Rb8
34. Nc3 Re8 35. f4 Re3 36. Rf2 Rh3 37. Re2 Rxh5 38. b4 cxb4 39. axb4 h6 40. b5
hxg5 41. b6 Na6 42. fxg5 Rxg5 43. Kb3 Re5 44. Rh2 Nc5+ 45. Kc4 f5 46. Nb5 Re4+
47. Nd4 Kf7 48. Ra2 Kf6 49. Ra8 g6 50. Rd8 Ke5 51. Re8+ Kf4 52. Re6 Nb7 53. Rxg6
Re7 54. Ne6+ Ke5 55. Rg1 Na5+ 56. Kb5 Nb7 57. Nc7 Kd4 58. Rd1+ Kc3 59. Kc6 Na5+
60. Kxd6 Re4 61. Rc1+ Kb4 62. Ne6 f4 63. Rc7 f3 64. b7 Nxb7+ 65. Rxb7+ Kc4 66.
Rc7+ Kb4 67. Rf7 Re3 68. Nd4 Rd3 69. Nxf3 Kc4 70. Ne5+ 1-0

[Event "N1 Reykjavik Open 2014"]
[Site "Reykjavik ISL"]
[Date "2014.03.06"]
[Round "4.86"]
[White "Van Der Merwe, Cecile H."]
[Black "Norlander, Svante"]
[Result "1-0"]
[WhiteTitle "WIM"]
[WhiteElo "2026"]
[BlackElo "1754"]
[WhiteFideId "14300648"]
[BlackFideId "1716930"]
[EventDate "2014.03.04"]

1. e4 d6 2. d4 Nf6 3. Nc3 g6 4. f4 Bg7 5. Nf3 O-O 6. e5 dxe5 7. fxe5 Nd5 8. Bc4
Nb6 9. Bb3 Nc6 10. O-O Bg4 11. Be3 Bxf3 12. Rxf3 e6 13. Ne4 a5 14. a4 Nb4 15.
Bg5 Qd7 16. Qd2 N4d5 17. c4 Ne7 18. Nf6+ Bxf6 19. Bxf6 1-0